[Event "4NCL Division Three Bishops"]
[Site "Daventry, ENG"]
[Date "2024.05.06"]
[Round "11.25"]
[White "Conterno, Dominique"]
[Black "Dicen, Imogen"]
[Result "0-1"]
[WhiteElo "1890"]
[BlackElo "1974"]
[PlyCount "66"]
[EventDate "2024.05.06"]
[WhiteTeam "Brown Jack"]
[BlackTeam "Warwickshire Select 2"]

1. e4 c5 2. Nf3 Nc6 3. d4 cxd4 4. Nxd4 Nf6 5. Nc3 d6 6. Bc4 g6 7. f3 Bg7 8. Be3 O-O 9. Qd2 Re8 10. O-O-O Bd7 11. g4 a6 12. g5 Nh5 13. Kb1 Rb8 14. Be2 b5 15. Nxc6 Bxc6 16. f4 Bxc3 17. Qxc3 Bxe4 18. Bg4 e6 19. Bxh5 gxh5 20. Rhg1 Rc8 21. Qd4 Bxc2+ 22. Ka1 Rc4 23. Qd2 Qe7 24. Rc1 Rec8 25. Bd4 Qd7 26. Bc3 Bg6 27. Rcd1 Qc7 28. a3 a5 29. b4 Qb6 30. Bb2 axb4 31. Rc1 bxa3 32. Bxa3 Qa6 33. Kb2 Rc2+ 0-1

[Event "4NCL Division Three Bishops"]
[Site "Daventry, ENG"]
[Date "2024.05.06"]
[Round "11.26"]
[White "He, Tom Junde"]
[Black "Fernando, Manel"]
[Result "1-0"]
[WhiteElo "1958"]
[BlackElo "1720"]
[PlyCount "71"]
[EventDate "2024.05.06"]
[WhiteTeam "Warwickshire Select 2"]
[BlackTeam "Brown Jack"]

1. d4 d5 2. c4 e6 3. Nf3 Nf6 4. g3 c6 5. Bg2 Be7 6. O-O O-O 7. Qc2 Re8 8. Nbd2 Nbd7 9. Rd1 Nf8 10. e4 dxe4 11. Nxe4 Ng6 12. b3 Qc7 13. Bb2 Rd8 14. h4 b6 15. Nfg5 Bb7 16. Nxf6+ Bxf6 17. Nxh7 Kxh7 18. h5 c5 19. hxg6+ fxg6 20. d5 exd5 21. cxd5 Rd6 22. Bxf6 gxf6 23. Qe4 Rad8 24. Qf4 Kg7 25. Rd2 Qf7 26. Rad1 Bxd5 27. Bh3 f5 28. Bg2 Qe6 29. Rd3 R8d7 30. Rd4 Qf6 31. R4d3 Qe6 32. Qa4 Kf6 33. Re3 Qf7 34. Bxd5 Rxd5 35. Qh4+ Kg7 36. Rxd5 1-0

[Event "4NCL Division Three Bishops"]
[Site "Daventry, ENG"]
[Date "2024.05.06"]
[Round "11.31"]
[White "Gayson, Peter M"]
[Black "Brackmann, Hendrik"]
[Result "0-1"]
[WhiteElo "2101"]
[BlackElo "2062"]
[PlyCount "76"]
[EventDate "2024.05.06"]
[WhiteTeam "Chessable White Rose 3"]
[BlackTeam "Oxford 2"]

1. e4 c5 2. Nf3 Nc6 3. d4 cxd4 4. Nxd4 e5 5. Nb5 d6 6. N1c3 a6 7. Na3 Be7 8. Nc4 b5 9. Ne3 Nf6 10. Ned5 O-O 11. Be3 Nxd5 12. Nxd5 Rb8 13. Be2 Bg5 14. O-O Bxe3 15. Nxe3 Nd4 16. c3 Nxe2+ 17. Qxe2 Bb7 18. f3 g6 19. Rfd1 f5 20. Nd5 Rf7 21. Rd2 Qg5 22. Rad1 Rbf8 23. exf5 gxf5 24. Qe3 f4 25. Qb6 Qg6 26. Re2 Kh8 27. Kh1 Rg7 28. Nc7 Bc8 29. Nxa6 e4 30. fxe4 f3 31. gxf3 Rxf3 32. Nb4 Bh3 33. Nd3 Bg2+ 34. Kg1 Bf1+ 35. Kh1 Bxe2 36. Rg1 Rf1 37. Qb8+ Rg8 38. Qxg8+ Qxg8 0-1

[Event "4NCL Division Three Bishops"]
[Site "Daventry, ENG"]
[Date "2024.05.06"]
[Round "11.32"]
[White "Wilson, Edgar"]
[Black "Shaw, Peter"]
[Result "1/2-1/2"]
[WhiteElo "1954"]
[BlackElo "2047"]
[PlyCount "104"]
[EventDate "2024.05.06"]
[WhiteTeam "Oxford 2"]
[BlackTeam "Chessable White Rose 3"]

1. e4 c6 2. Nf3 d5 3. Nc3 dxe4 4. Nxe4 Nf6 5. Qe2 Nxe4 6. Qxe4 Qa5 7. b4 Qd5 8. Qf4 Bf5 9. Bc4 Qe4+ 10. Qxe4 Bxe4 11. Bxf7+ Kxf7 12. Ng5+ Ke8 13. Nxe4 e6 14. Bb2 a5 15. a3 axb4 16. axb4 Rxa1+ 17. Bxa1 Na6 18. c3 Be7 19. Ke2 Kf7 20. Rb1 b5 21. Bb2 Ra8 22. Ra1 Nc7 23. Rxa8 Nxa8 24. d3 Nb6 25. Bc1 Nd5 26. Bd2 h5 27. g3 Kg6 28. h3 Kf5 29. Kf3 Kg6 30. g4 hxg4+ 31. Kxg4 Bf6 32. c4 bxc4 33. dxc4 Nb6 34. c5 Nd5 35. h4 Bb2 36. Nd6 Nf6+ 37. Kf3 Nd5 38. Ke4 Ba3 39. Nc4 Bxb4 40. Ne5+ Kh5 41. Bxb4 Nxb4 42. Nf3 Kg4 43. Nd4 Kxh4 44. Nxe6 g5 45. Nd4 g4 46. Nf5+ Kh3 47. Ne3 g3 48. fxg3 Kxg3 49. Nf5+ Kf2 50. Kd4 Na6 51. Ne7 Nxc5 52. Kxc5 Ke3 1/2-1/2

[Event "4NCL Division Three Bishops"]
[Site "Daventry, ENG"]
[Date "2024.05.06"]
[Round "11.33"]
[White "Burnett, Jim"]
[Black "Staples, Neil"]
[Result "1-0"]
[WhiteElo "2014"]
[BlackElo "1848"]
[PlyCount "105"]
[EventDate "2024.05.06"]
[WhiteTeam "Chessable White Rose 3"]
[BlackTeam "Oxford 2"]

1. d4 f5 2. g3 e6 3. Bg2 Nf6 4. Nf3 Be7 5. O-O O-O 6. c4 d6 7. Nc3 Ne4 8. Nxe4 fxe4 9. Nd2 d5 10. f3 exf3 11. Nxf3 c6 12. Qc2 a5 13. b3 Na6 14. Bf4 Nb4 15. Qd2 Na6 16. Rad1 Nc7 17. e4 Ne8 18. e5 Nc7 19. h4 Bd7 20. h5 Be8 21. h6 g6 22. Be3 Bd7 23. Bh3 b6 24. Ng5 Bb4 25. Qc2 Qe7 26. Nf3 Qd8 27. Rf2 Be7 28. Qc1 a4 29. b4 Qe8 30. a3 dxc4 31. Qxc4 Nd5 32. Bc1 b5 33. Qd3 Qd8 34. Rdf1 Nc7 35. Qe4 Be8 36. Qg4 Bd7 37. Bg2 Rf5 38. Nh2 Rxf2 39. Rxf2 Nd5 40. Be4 Qe8 41. Nf3 Rc8 42. Nh4 Bxh4 43. gxh4 Ne7 44. h5 Nf5 45. Rg2 Kh8 46. Bg5 Qf7 47. Bf6+ Kg8 48. hxg6 hxg6 49. Qxg6+ Qxg6 50. Rxg6+ Kf7 51. Bxf5 exf5 52. Rg7+ Ke6 53. Re7+ 1-0

[Event "4NCL Division Three Bishops"]
[Site "Daventry, ENG"]
[Date "2024.05.06"]
[Round "11.34"]
[White "Foster, Timothy"]
[Black "Edwards-Wright, Miles D"]
[Result "0-1"]
[WhiteElo "1902"]
[BlackElo "2052"]
[PlyCount "74"]
[EventDate "2024.05.06"]
[WhiteTeam "Oxford 2"]
[BlackTeam "Chessable White Rose 3"]

1. b3 d5 2. Bb2 Nf6 3. Nf3 g6 4. g3 Bg7 5. Bg2 O-O 6. c4 c6 7. O-O Nbd7 8. d4 Ne4 9. Nfd2 Nxd2 10. Nxd2 dxc4 11. Nxc4 Nb6 12. Qd2 Be6 13. Rac1 a5 14. Nxa5 Ra7 15. Bxc6 bxc6 16. Nxc6 Qd7 17. Nxa7 Qxa7 18. Bc3 Nd5 19. e3 Bh3 20. Rfe1 Bh6 21. Qe2 Qd7 22. Qf3 f5 23. Bd2 Bg4 24. Qg2 g5 25. f3 Bh5 26. Qh3 Nf6 27. Rc5 g4 28. fxg4 fxg4 29. Qh4 Bg6 30. Qxh6 Ne4 31. Re2 Nxc5 32. dxc5 Qd3 33. Qg5 Qxe2 34. Qd5+ Kg7 35. Bc3+ Kh6 36. Qg2 Qd1+ 37. Qf1 Qxf1# 0-1

[Event "4NCL Division Three Bishops"]
[Site "Daventry, ENG"]
[Date "2024.05.06"]
[Round "11.35"]
[White "Eagleton, Greg T"]
[Black "Terry, Sean"]
[Result "1-0"]
[WhiteElo "2018"]
[BlackElo "1906"]
[PlyCount "49"]
[EventDate "2024.05.06"]
[WhiteTeam "Chessable White Rose 3"]
[BlackTeam "Oxford 2"]

1. d4 Nf6 2. c4 e6 3. Nc3 d5 4. Bg5 Be7 5. Nf3 O-O 6. e3 c6 7. Qb3 Nbd7 8. cxd5 exd5 9. Be2 Ne8 10. Bf4 Bd6 11. Bg3 Qe7 12. Qc2 f5 13. Bd3 g6 14. Bh4 Qg7 15. O-O-O b5 16. Ne2 Nb6 17. Bg3 Nc4 18. h4 Bxg3 19. Nxg3 f4 20. exf4 Rxf4 21. h5 Rf6 22. hxg6 Bg4 23. Rde1 h5 24. Nf5 Bxf5 25. Bxf5 1-0

[Event "4NCL Division Three Bishops"]
[Site "Daventry, ENG"]
[Date "2024.05.06"]
[Round "11.36"]
[White "Hertog, Alexander"]
[Black "Cammanchery Krishnan, Rishab"]
[Result "1-0"]
[WhiteElo "1887"]
[BlackElo "1800"]
[PlyCount "71"]
[EventDate "2024.05.06"]
[WhiteTeam "Oxford 2"]
[BlackTeam "Chessable White Rose 3"]

1. d4 e6 2. c4 d5 3. Nf3 Nf6 4. g3 c6 5. Bg2 Be7 6. O-O O-O 7. Nbd2 Nbd7 8. b3 b6 9. Bb2 Bb7 10. Re1 Re8 11. Ne5 Nxe5 12. dxe5 Nd7 13. e4 Nc5 14. exd5 cxd5 15. cxd5 Nd3 16. d6 Bxg2 17. Kxg2 Nxe1+ 18. Qxe1 Bxd6 19. exd6 Qxd6 20. Nc4 Qd5+ 21. Kg1 Red8 22. Qc3 f6 23. Ne3 Qf3 24. Rc1 Rd7 25. Qc6 Qxc6 26. Rxc6 Kf7 27. Nc4 Rd1+ 28. Kg2 Rb1 29. Bc3 e5 30. h4 Rd1 31. Rc7+ Kg8 32. Ne3 Rd3 33. Nf5 g6 34. Nh6+ Kh8 35. Ng4 Rf8 36. Bb4 1-0

[Event "4NCL Division Three Bishops"]
[Site "Daventry, ENG"]
[Date "2024.05.06"]
[Round "11.41"]
[White "Zhu, Yaoyao"]
[Black "Kazarian, Anna-Maja"]
[Result "1/2-1/2"]
[WhiteElo "2111"]
[BlackElo "2207"]
[PlyCount "127"]
[EventDate "2024.05.06"]
[WhiteTeam "Greater Woodpushers"]
[BlackTeam "Barnet Knights B"]

1. e4 e6 2. d4 d5 3. e5 c5 4. c3 Qb6 5. Nf3 Bd7 6. Be2 Nc6 7. O-O Nge7 8. Na3
cxd4 9. cxd4 Nf5 10. Nc2 h5 11. Kh1 a5 12. Bg5 Be7 13. Bxe7 Ncxe7 14. a4 Rc8
15. b4 Qc7 16. Bd3 axb4 17. Nxb4 Qc3 18. Qe1 h4 19. Rc1 Qb3 20. Bc2 Qa3 21. Ra1
Qc3 22. Qxc3 Rxc3 23. Bxf5 Nxf5 24. Rfc1 Rb3 25. Rcb1 Rxb1+ 26. Rxb1 Bxa4 27.
Nd3 Bc6 28. Ra1 Ke7 29. Nc5 Rb8 30. g4 hxg3 31. hxg3 b6 32. Ra7+ Kf8 33. Nd3
Bb5 34. Nb4 Be2 35. Ng5 Nxd4 36. Rxf7+ Kg8 37. Rf4 Nb5 38. Nc6 Re8 39. f3 d4
40. Nxd4 Nxd4 41. Rxd4 b5 42. Kg2 Bc4 43. Ne4 Ra8 44. Kf2 Ra3 45. Nd2 Bd5 46.
Rb4 Bc6 47. Rb2 Kf7 48. Nb3 Ra4 49. Nc5 Ra3 50. Nb3 Ra4 51. Nc5 Rc4 52. Nd3 g5
53. Nb4 Be8 54. Ke3 Kg6 55. Nd3 Kf5 56. g4+ Kg6 57. Rb4 Rc2 58. f4 Rc4 59. Rxc4
bxc4 60. Nc5 gxf4+ 61. Kxf4 c3 62. Ke3 c2 63. Kd2 Kg5 64. Nxe6+ 1/2-1/2

[Event "4NCL Division Three Bishops"]
[Site "Daventry, ENG"]
[Date "2024.05.06"]
[Round "11.42"]
[White "Willmoth, Robert F"]
[Black "McLean, Robert"]
[Result "1/2-1/2"]
[WhiteElo "2191"]
[BlackElo "2140"]
[PlyCount "25"]
[EventDate "2024.05.06"]
[WhiteTeam "Barnet Knights B"]
[BlackTeam "Greater Woodpushers"]

1. Nf3 Nf6 2. e3 c5 3. b3 g6 4. Bb2 Bg7 5. c4 Nc6 6. Be2 O-O 7. O-O d5 8. cxd5 Nb4 9. Qc1 Bf5 10. a3 Bd3 11. Qd1 Bc2 12. Qc1 Bd3 13. Qd1 1/2-1/2

[Event "4NCL Division Three Bishops"]
[Site "Daventry, ENG"]
[Date "2024.05.06"]
[Round "11.43"]
[White "Rawlinson, Aidan M"]
[Black "Pang, Ethan"]
[Result "0-1"]
[WhiteElo "2184"]
[BlackElo "1975"]
[PlyCount "34"]
[EventDate "2024.05.06"]
[WhiteTeam "Greater Woodpushers"]
[BlackTeam "Barnet Knights B"]

1. d4 d5 2. c4 c6 3. Nf3 dxc4 4. e3 Be6 5. Be2 Nf6 6. O-O g6 7. Nc3 b5 8. Ng5 Bd5 9. e4 h6 10. exd5 hxg5 11. dxc6 Nxc6 12. Nxb5 Qb8 13. f4 Qxb5 14. fxg5 Nd5 15. Bf3 Bg7 16. a4 Qb8 17. g3 Qd6 0-1

[Event "4NCL Division Three Bishops"]
[Site "Daventry, ENG"]
[Date "2024.05.06"]
[Round "11.44"]
[White "Ethelontis, Alexandros N"]
[Black "Ackley, Peter J E"]
[Result "1-0"]
[WhiteElo "2072"]
[BlackElo "2081"]
[PlyCount "61"]
[EventDate "2024.05.06"]
[WhiteTeam "Barnet Knights B"]
[BlackTeam "Greater Woodpushers"]

1. c4 f5 2. g3 Nf6 3. Nf3 g6 4. Bg2 Bg7 5. b4 Ne4 6. d4 d6 7. Bb2 O-O 8. Nbd2
Nxd2 9. Qxd2 Nd7 10. d5 Bxb2 11. Qxb2 e5 12. dxe6 Nf6 13. O-O Qe7 14. Rac1 Bxe6
15. Ng5 c6 16. Nxe6 Qxe6 17. b5 Ne4 18. Rfd1 c5 19. e3 b6 20. Rd5 a6 21. a4
axb5 22. Qxb5 Ra5 23. Qxb6 Rxa4 24. Rxc5 Rfa8 25. Rc7 Qf6 26. c5 Ra1 27. cxd6
Rxc1+ 28. Rxc1 Ra1 29. Qb8+ Kf7 30. Qc7+ Ke6 31. Qc4+ 1-0

[Event "4NCL Division Three Bishops"]
[Site "Daventry, ENG"]
[Date "2024.05.06"]
[Round "11.45"]
[White "Lee, Daniel T"]
[Black "Sanitt, Ethan"]
[Result "1/2-1/2"]
[WhiteElo "2102"]
[BlackElo "2050"]
[PlyCount "61"]
[EventDate "2024.05.06"]
[WhiteTeam "Greater Woodpushers"]
[BlackTeam "Barnet Knights B"]

1. d4 Nf6 2. c4 c5 3. d5 b5 4. cxb5 a6 5. bxa6 g6 6. Nc3 Bg7 7. e4 O-O 8. Nf3
Qa5 9. Bd2 Bxa6 10. Bxa6 Qxa6 11. Qe2 e6 12. Qxa6 Nxa6 13. O-O exd5 14. exd5
Nb4 15. Bf4 Nfxd5 16. Nxd5 Nxd5 17. Be5 Rfe8 18. Bxg7 Kxg7 19. Rfd1 Nf6 20. Kf1
d5 21. b3 Re7 22. a4 Rb7 23. Rd3 Ne4 24. Rxd5 Rxb3 25. Nd2 Nxd2+ 26. Rxd2 c4
27. Rc2 c3 28. a5 Kf6 29. Ke2 Ra6 30. Kd3 Rb5 31. Rxc3 1/2-1/2

[Event "4NCL Division Three Bishops"]
[Site "Daventry, ENG"]
[Date "2024.05.06"]
[Round "11.46"]
[White "Hung, Jake"]
[Black "Bak, Andrew"]
[Result "1/2-1/2"]
[WhiteElo "1930"]
[BlackElo "2038"]
[PlyCount "174"]
[EventDate "2024.05.06"]
[WhiteTeam "Barnet Knights B"]
[BlackTeam "Greater Woodpushers"]

1. c4 c6 2. g3 d5 3. Bg2 Nf6 4. Nf3 Bf5 5. O-O e6 6. b3 h6 7. Ne5 Bd6 8. Bb2
O-O 9. d4 Nbd7 10. h3 Qc7 11. g4 Bh7 12. f4 c5 13. cxd5 Nxd5 14. Bxd5 exd5 15.
Nxd7 Qxd7 16. dxc5 Bxc5+ 17. Bd4 Qe7 18. Nc3 Rad8 19. f5 Rfe8 20. Rf3 g6 21. f6
Qd6 22. g5 hxg5 23. Rc1 Bb6 24. Nb5 Qe6 25. Nc7 Bxd4+ 26. Qxd4 Qxe2 27. Rf2 Qe5
28. Qd2 Qg3+ 29. Rg2 Qe3+ 30. Qxe3 Rxe3 31. Rxg5 Rxh3 32. Rxd5 Rb8 33. Rcd1 Kh8
34. Rd8+ Rxd8 35. Rxd8+ Bg8 36. Kg2 Rh5 37. Nd5 Rf5 38. Kg3 Kh7 39. Ne7 Rxf6
40. Nxg8 Ra6 41. Ne7 Rxa2 42. Rd7 b6 43. Nc6 Rc2 44. Nd4 Rc3+ 45. Kf4 a5 46.
Rxf7+ Kg8 47. Ra7 Kf8 48. Ke4 Ke8 49. Rb7 a4 50. bxa4 Ra3 51. Ra7 g5 52. Kf5
Kd8 53. Nb5 Rf3+ 54. Kxg5 Kc8 55. Nd6+ Kd8 56. Nb5 Kc8 57. Rc7+ Kb8 58. Kg4 Rf1
59. Rc4 Kb7 60. Rc7+ Kb8 61. Re7 Ra1 62. Re4 Kb7 63. Rc4 Ka6 64. Kf4 Ka5 65.
Nc3 Re1 66. Kf3 Re8 67. Ne4 b5 68. axb5 Rf8+ 69. Ke3 Kxb5 70. Rc1 Rd8 71. Nf6
Kb4 72. Ke4 Kb3 73. Nd5 Kb2 74. Rc5 Rh8 75. Kd3 Rh3+ 76. Ne3 Kb3 77. Rb5+ Ka4
78. Rb8 Ka5 79. Kd4 Ka6 80. Nc4 Rh4+ 81. Kc5 Rh5+ 82. Kc6 Rh6+ 83. Kc5 Rh5+ 84.
Kb4 Ka7 85. Rb6 Rh1 86. Kc5 Rh5+ 87. Kc6 Rh6+ 1/2-1/2

[Event "4NCL Division Three Bishops"]
[Site "Daventry, ENG"]
[Date "2024.05.06"]
[Round "11.51"]
[White "Duncan, Patrick C M"]
[Black "Coates, David H"]
[Result "1-0"]
[WhiteElo "2094"]
[BlackElo "2044"]
[PlyCount "65"]
[EventDate "2024.05.06"]
[WhiteTeam "The MASCeteers"]
[BlackTeam "Ashfield 1"]

1. b3 e5 2. Bb2 Nc6 3. e3 d5 4. Bb5 Bd6 5. f4 Qh4+ 6. g3 Qe7 7. Nf3 f6 8. Nc3
Be6 9. fxe5 fxe5 10. d4 e4 11. Ne5 Bxe5 12. Qh5+ Bf7 13. Qxe5 Qxe5 14. dxe5
Nge7 15. Ne2 O-O 16. Nf4 Nb4 17. O-O-O c6 18. a3 Na6 19. Bxa6 bxa6 20. e6 Bg6
21. Bd4 Rfe8 22. g4 h6 23. Rhf1 Kh7 24. Nxg6 Nxg6 25. Rf7 Re7 26. Rdf1 Rae8 27.
h3 Nh8 28. Bc5 Rxe6 29. Rxa7 Kg6 30. Rf5 Rg8 31. h4 Kh7 32. h5 Rge8 33. Bf8 1-0

[Event "4NCL Division Three Bishops"]
[Site "Daventry, ENG"]
[Date "2024.05.06"]
[Round "11.52"]
[White "Cumbers, Paul"]
[Black "Hazlehurst, Cory S"]
[Result "0-1"]
[WhiteElo "2117"]
[BlackElo "2100"]
[PlyCount "156"]
[EventDate "2024.05.06"]
[WhiteTeam "Ashfield 1"]
[BlackTeam "The MASCeteers"]

1. e4 c6 2. d4 d5 3. f3 dxe4 4. fxe4 e5 5. Nf3 Bg4 6. c3 Nd7 7. Bd3 Bd6 8. Nbd2
Ngf6 9. Nc4 Bc7 10. O-O Qe7 11. Qc2 O-O 12. Bg5 Bxf3 13. Rxf3 h6 14. Bh4 Bb6
15. a3 Rae8 16. Re1 Qe6 17. Nxb6 axb6 18. Kh1 Nh5 19. a4 Qg4 20. Bf2 Re6 21. h3
Qg5 22. g4 Nf4 23. Be3 Nxd3 24. Qxd3 Qe7 25. Bf2 Ra8 26. b3 Re8 27. d5 Rf6 28.
Rxf6 Qxf6 29. Kg2 c5 30. Rf1 Qd6 31. Qf3 Rf8 32. Be3 Nb8 33. h4 Na6 34. g5 hxg5
35. hxg5 Qg6 36. Qg4 Nc7 37. a5 Nb5 38. axb6 Nxc3 39. Bxc5 Ra8 40. Kf3 Nxd5 41.
exd5 Qd3+ 42. Kg2 Qxd5+ 43. Qf3 e4 44. Qe3 Rc8 45. Rc1 Rc6 46. Rc4 Rg6 47. Be7
f6 48. Rc5 Qe6 49. Bd8 Qg4+ 50. Kf2 Qh4+ 51. Ke2 Qh2+ 52. Ke1 Qh1+ 53. Kd2 fxg5
54. Bxg5 Rd6+ 55. Kc2 Qg2+ 56. Kb1 Rd3 57. Qc1 Rxb3+ 58. Ka1 Rxb6 59. Ra5 Rc6
60. Qd1 Qh3 61. Qd5+ Qe6 62. Qd8+ Kf7 63. Be3 Qf6+ 64. Qd4 Qxd4+ 65. Bxd4 Ra6
66. Rxa6 bxa6 67. Kb2 g5 68. Kc3 Ke6 69. Be3 g4 70. Kd4 Kf5 71. Kd5 g3 72. Kd4
g2 73. Kd5 a5 74. Kd4 a4 75. Kc3 Kg4 76. Kd4 Kf3 77. Bg1 a3 78. Kc3 e3 0-1

[Event "4NCL Division Three Bishops"]
[Site "Daventry, ENG"]
[Date "2024.05.06"]
[Round "11.53"]
[White "Moss, Jack"]
[Black "Mossong, Hubert"]
[Result "1/2-1/2"]
[WhiteElo "1872"]
[BlackElo "2067"]
[PlyCount "111"]
[EventDate "2024.05.06"]
[WhiteTeam "The MASCeteers"]
[BlackTeam "Ashfield 1"]

1. d4 d6 2. Nf3 Bg4 3. g3 c6 4. Bg2 Nd7 5. O-O Ngf6 6. c4 e5 7. Nc3 Be7 8. h3
Bh5 9. Nh4 Bg6 10. d5 c5 11. Nxg6 hxg6 12. e4 Nh5 13. Bf3 a6 14. a4 Bg5 15. Kg2
Bxc1 16. Qxc1 Nhf6 17. h4 Qa5 18. Qc2 Ke7 19. Rfb1 Qc7 20. b3 Rh6 21. Rh1 Rah8
22. Rae1 Kf8 23. Nd1 Nh7 24. Ne3 Ndf6 25. g4 g5 26. Nf5 gxh4 27. Nxh6 gxh6 28.
Rxh4 Ng5 29. Qd2 Ng8 30. Bd1 Qe7 31. Rhh1 f6 32. f4 exf4 33. Qxf4 a5 34. Qf5
Kg7 35. e5 fxe5 36. Bc2 Qf7 37. Qd3 Nf6 38. Ref1 e4 39. Qg3 Qe7 40. Rf5 Nd7 41.
Qf4 Ne5 42. Bxe4 Ng6 43. Rxg5 hxg5 44. Qe3 Nf4+ 45. Kf2 Rxh1 46. Bxh1 Qxe3+ 47.
Kxe3 Kf6 48. Be4 Ke5 49. Bf3 b6 50. Be4 Ne2 51. Bf3 Nd4 52. Bd1 Kf6 53. Ke4 Ke7
54. Kd3 Kf7 55. Ke3 Kg6 56. Kd3 1/2-1/2

[Event "4NCL Division Three Bishops"]
[Site "Daventry, ENG"]
[Date "2024.05.06"]
[Round "11.54"]
[White "Mercs, Peter J"]
[Black "Vaidyanathan, Sathya"]
[Result "0-1"]
[WhiteElo "2027"]
[BlackElo "1871"]
[PlyCount "71"]
[EventDate "2024.05.06"]
[WhiteTeam "Ashfield 1"]
[BlackTeam "The MASCeteers"]

1. e4 e5 2. Nf3 Nc6 3. d4 exd4 4. Nxd4 Nf6 5. Nxc6 bxc6 6. Bd3 d5 7. e5 Nd7 8.
O-O Bc5 9. Bf4 O-O 10. Nd2 Be7 11. Nf3 Nc5 12. Nd4 Nxd3 13. cxd3 Bd7 14. Rc1
Rb8 15. b3 c5 16. Ne2 d4 17. Ng3 Bc6 18. Bd2 Qd5 19. f3 Qxe5 20. b4 Ba8 21. Re1
Qf6 22. bxc5 Rb5 23. Nh5 Qh4 24. Re5 f5 25. Nf4 Qf6 26. Qe1 Re8 27. Nh5 Qf7 28.
Bg5 Qxh5 29. Rxe7 Rbb8 30. Qe6+ Kh8 31. Re1 Rxe7 32. Qxe7 Bd5 33. Qxc7 Re8 34.
Rxe8+ Qxe8 35. Qd8 Qxd8 36. Bxd8 0-1

[Event "4NCL Division Three Bishops"]
[Site "Daventry, ENG"]
[Date "2024.05.06"]
[Round "11.55"]
[White "Dos Santos Silva, Bruno Alexandre"]
[Black "Naylor-Eade, Michael A"]
[Result "0-1"]
[WhiteElo "1852"]
[BlackElo "2046"]
[PlyCount "70"]
[EventDate "2024.05.06"]
[WhiteTeam "The MASCeteers"]
[BlackTeam "Ashfield 1"]

1. d4 d5 2. Nc3 Nf6 3. Bf4 e6 4. e3 a6 5. Bd3 c5 6. dxc5 Bxc5 7. Nf3 Nc6 8. O-O
h6 9. e4 d4 10. Ne2 Nh5 11. Bd2 e5 12. Bc4 Nf6 13. Ng3 b5 14. Bb3 O-O 15. h3
Be6 16. Bxe6 fxe6 17. Qc1 Kh7 18. c3 Rc8 19. Qe1 Qe8 20. Qe2 Qg6 21. Nh4 Qxg3
22. fxg3 d3+ 23. Qe3 Bxe3+ 24. Bxe3 Nxe4 25. Rad1 Rxf1+ 26. Kxf1 Nxg3+ 27. Kf2
Nf5 28. Nf3 Rf8 29. Bc5 Rf7 30. g4 Nh4 31. Rxd3 e4 32. Rd6 Nxf3 33. Ke3 Nb8 34.
Kxe4 Ng5+ 35. Ke5 Nd7+ 0-1

[Event "4NCL Division Three Bishops"]
[Site "Daventry, ENG"]
[Date "2024.05.06"]
[Round "11.56"]
[White "Garnett, John S"]
[Black "Drugan, Mark A"]
[Result "1-0"]
[WhiteElo "1980"]
[BlackElo "1783"]
[PlyCount "63"]
[EventDate "2024.05.06"]
[WhiteTeam "Ashfield 1"]
[BlackTeam "The MASCeteers"]

1. d4 Nf6 2. Bg5 d5 3. e3 h6 4. Bxf6 gxf6 5. c4 c6 6. Nc3 e6 7. cxd5 exd5 8. g3
Be6 9. Bg2 f5 10. Nge2 Nd7 11. Nf4 Nf6 12. O-O Qd7 13. Rc1 Be7 14. Nh5 Ne4 15.
Ng7+ Kf8 16. Nxe6+ Qxe6 17. Qd3 Kg7 18. f3 Nd6 19. e4 dxe4 20. fxe4 Qc4 21.
Qxc4 Nxc4 22. exf5 Bf6 23. d5 cxd5 24. Nxd5 Bd4+ 25. Kh1 Rac8 26. b3 Nd6 27.
f6+ Kh7 28. Rcd1 Bb2 29. Ne7 Rc7 30. Rxd6 Bxf6 31. Rdxf6 Rxe7 32. Rxf7+ 1-0

[Event "4NCL Division Three Bishops"]
[Site "Daventry, ENG"]
[Date "2024.05.06"]
[Round "11.61"]
[White "Kenworthy, Gary"]
[Black "Muetsch, Annmarie"]
[Result "0-1"]
[WhiteElo "2113"]
[BlackElo "2283"]
[PlyCount "92"]
[EventDate "2024.05.06"]
[WhiteTeam "Shropshire & Friends"]
[BlackTeam "She Plays To Win Lionesses"]

1. e4 c5 2. Nf3 Nc6 3. Nc3 Nf6 4. d4 cxd4 5. Nxd4 e5 6. Ndb5 d6 7. a4 a6 8. Na3 Bg4 9. f3 Be6 10. Be3 Nb4 11. Bc4 d5 12. exd5 Nfxd5 13. Bf2 Rc8 14. Nxd5 Nxd5 15. Bxd5 Qxd5 16. O-O Qxd1 17. Rfxd1 f6 18. Rd2 Kf7 19. c3 Be7 20. a5 Rhd8 21. Nb1 f5 22. Be3 Rxd2 23. Nxd2 Rd8 24. Nf1 Rd3 25. Bb6 g5 26. Re1 Bf6 27. Kf2 f4 28. Re2 Rd1 29. Re1 Rd5 30. Re2 Rb5 31. b4 e4 32. Rxe4 Bxc3 33. Bc5 Bd5 34. Re7+ Kg6 35. Rd7 Bc6 36. Rd6+ Kf7 37. Bd4 Ke7 38. Bc5 Bxb4 39. Bxb4 Rxb4 40. Rh6 Rb2+ 41. Ke1 Rb1+ 42. Kf2 Bb5 43. Rxh7+ Ke6 44. Rh6+ Kd5 45. Ne3+ fxe3+ 46. Kxe3 Rb2 0-1

[Event "4NCL Division Three Bishops"]
[Site "Daventry, ENG"]
[Date "2024.05.06"]
[Round "11.62"]
[White "Raajesh, Srimathi"]
[Black "Grillage, Andrew"]
[Result "1/2-1/2"]
[WhiteElo "1902"]
[BlackElo "2005"]
[PlyCount "34"]
[EventDate "2024.05.06"]
[WhiteTeam "She Plays To Win Lionesses"]
[BlackTeam "Shropshire & Friends"]

1. e4 d5 2. exd5 Qxd5 3. Nc3 Qd8 4. d4 Nf6 5. Nf3 Bg4 6. h3 Bxf3 7. Qxf3 c6 8. Be3 e6 9. Bd3 Nbd7 10. O-O-O Bb4 11. Ne4 Nxe4 12. Bxe4 Nf6 13. Kb1 Nxe4 14. Qxe4 Be7 15. Bf4 Qd5 16. Qxd5 cxd5 17. c3 b5 1/2-1/2

[Event "4NCL Division Three Bishops"]
[Site "Daventry, ENG"]
[Date "2024.05.06"]
[Round "11.63"]
[White "Higgie, Charles L"]
[Black "Rida, Ruqayyah"]
[Result "0-1"]
[WhiteElo "1902"]
[BlackElo "1922"]
[PlyCount "38"]
[EventDate "2024.05.06"]
[WhiteTeam "Shropshire & Friends"]
[BlackTeam "She Plays To Win Lionesses"]

1. d4 Nf6 2. c4 g6 3. Nc3 Bg7 4. e4 d6 5. f3 O-O 6. Be3 c5 7. Nge2 Nc6 8. d5 Ne5 9. Ng3 h5 10. Be2 h4 11. Nf1 e6 12. h3 exd5 13. cxd5 b5 14. Bxb5 Qa5 15. f4 Nxe4 16. Qb3 Nxc3 17. bxc3 c4 18. Bxc4 Nxc4 19. Qxc4 Qxc3+ 0-1

[Event "4NCL Division Three Bishops"]
[Site "Daventry, ENG"]
[Date "2024.05.06"]
[Round "11.64"]
[White "Maton, Emily"]
[Black "Pugh, Glyn D"]
[Result "1-0"]
[WhiteElo "1912"]
[BlackElo "1873"]
[PlyCount "31"]
[EventDate "2024.05.06"]
[WhiteTeam "She Plays To Win Lionesses"]
[BlackTeam "Shropshire & Friends"]

1. d4 d5 2. c4 dxc4 3. e4 b5 4. a4 c6 5. axb5 cxb5 6. Nc3 Qb6 7. b3 e6 8. bxc4 Bb4 9. Bd2 Qxd4 10. Nf3 Qb6 11. Nxb5 Bc5 12. Be3 Nd7 13. Bxc5 Qxc5 14. Qd4 Qxd4 15. Nfxd4 Kd8 16. Nc6+ 1-0

[Event "4NCL Division Three Bishops"]
[Site "Daventry, ENG"]
[Date "2024.05.06"]
[Round "11.65"]
[White "Bryant, Richard B E"]
[Black "Ashton, Alannah"]
[Result "1-0"]
[WhiteElo "1859"]
[BlackElo "1853"]
[PlyCount "107"]
[EventDate "2024.05.06"]
[WhiteTeam "Shropshire & Friends"]
[BlackTeam "She Plays To Win Lionesses"]

1. e4 c5 2. Nc3 g6 3. f4 Bg7 4. Nf3 Nc6 5. Bb5 Nd4 6. Bc4 e6 7. Nxd4 cxd4 8. Nb5 d5 9. exd5 exd5 10. Bd3 a6 11. Na3 Ne7 12. O-O O-O 13. c3 Bf5 14. Qf3 Qb6 15. Kh1 Qe6 16. Bxf5 Nxf5 17. Nc2 Rfe8 18. Qd3 Qe2 19. Qxe2 Rxe2 20. g4 Nh6 21. h3 dxc3 22. bxc3 Bxc3 23. dxc3 Rxc2 24. f5 Rxc3 25. Kg2 g5 26. Bxg5 Kg7 27. Rad1 Rc5 28. Be3 Rc2+ 29. Rf2 Rxf2+ 30. Kxf2 Rd8 31. Bd4+ Kf8 32. Re1 Rc8 33. Re5 Rc2+ 34. Kg3 Rxa2 35. f6 Ra5 36. Rh5 Ng8 37. Rxh7 Ra3+ 38. Kh4 Ra5 39. Rh8 Rb5 40. Be3 a5 41. Bh6+ Ke8 42. Rxg8+ Kd7 43. Rf8 Ke6 44. Bg5 a4 45. Re8+ Kd6 46. Bh6 d4 47. Ra8 Ke6 48. Rxa4 Kxf6 49. Rxd4 Rb6 50. Bf4 Kg7 51. Rd5 Rb3 52. Rd6 b5 53. Rb6 Rb1 54. Kg5 1-0